000 00595nam a2200145Ia 4500
003 GCL
008 140319s9999 xx 000 0 ara d
040 _aGCL /
_cGCL
082 0 4 _aم
_b920.71
_bام
100 1 _aالدبيثى , محمد بن سعيد بن محمد
245 1 0 _aالمختصر المحتاج اليه من تاريخ الحافظ ابن عبدالله /
_cالدبيثى , محمد بن سعيد بن محمد
260 _a[S.N] :
_bدار الكتب العلمية للنشر والتوزيع ،
_c1985
300 _a463 ص
490 _aشكاوى المصرى الفصيح
_v0
999 _c59418
_d59418